000 00417nab a22001097u 4500
008 130520b2006 xxu||||| |||| 00| 0 spa d
041 _aspa
100 1 _aMalu Nyimi, Modeste
_975859
245 0 0 _aLa comunidades eclesiales de base en la teología africana: fraternidades de Evangelio e iniciativas sociopolíticas
_cModeste Malu Nyimi
773 0 _tConcilium
_gnº317,2006,págs. 33-48
_x0210-1041
_wRev134
942 _cAR
999 _c378557
_d378557